000 00466nam a2200181Ia 4500
001 13994
005 20260306164841.0
008 260306t2006||||xx |||||||||||||| ||spa||
041 _aESP
082 _aSU 005.746
_bG43
100 _aGibson, Jerry D.
_eAUT
245 0 _aDigital compression for multimedia:
_bprinciples and standards
260 _c2006
300 _axvii, 476 páginas :
_c27 cm.
650 _aGEN
654 _aCCC
942 _cLIB
_dJUS
_fJUS
_2ddc
_n
999 _c13994
_d13994